[Event "Weekender - Expert"]
[Site "Enniscrone, Sligo, IE"]
[Date "2026.01.31"]
[Round "2"]
[White "Stinson, Conor"]
[Black "O`Boyle, Donal"]
[Result "0-1"]
[Board "13"]
[WhiteFideId "2530929"]
[BlackFideId "2505096"]
[WhiteElo "1781"]
[BlackElo "1832"]
[WhiteTeam "IRL"]
[BlackTeam "IRL"]
[WhiteClock "0:14:13"]
[BlackClock "0:03:48"]
[Variant "Standard"]

1. e4 {[%clk 1:30:30]}  e5 {[%clk 1:25:45]} 2. Nf3 {[%clk 1:31:16]}  Nf6 {[%clk 1:26:05]} 3. Nc3 {[%clk 1:30:42]}  Bb4 {[%clk 1:25:15]} 4. Nxe5 {[%clk 1:18:03]}  Qe7 {[%clk 1:25:09]} 5. Nf3 {[%clk 1:17:06]}  Bxc3 {[%clk 1:23:57]} 6. dxc3 {[%clk 1:17:06]}  Qxe4+ {[%clk 1:23:27]} 7. Be2 {[%clk 1:17:18]}  h6 {[%clk 1:14:38]} 8. O-O {[%clk 1:17:33]}  O-O {[%clk 1:14:44]} 9. Bd3 {[%clk 1:17:13]}  Qd5 {[%clk 1:12:22]} 10. Re1 {[%clk 1:16:40]}  Nc6 {[%clk 1:02:38]} 11. c4 {[%clk 1:05:44]}  Qh5 {[%clk 0:59:57]} 12. b3 {[%clk 1:01:35]}  d6 {[%clk 0:56:56]} 13. Bb2 {[%clk 0:56:58]}  Bg4 {[%clk 0:54:59]} 14. Bxf6 {[%clk 0:53:32]}  Bxf3 {[%clk 0:55:24]} 15. gxf3 {[%clk 0:53:40]}  gxf6 {[%clk 0:55:42]} 16. Kh1 {[%clk 0:42:12]}  Rae8 {[%clk 0:46:36]} 17. Be2 {[%clk 0:39:00]}  Qh4 {[%clk 0:36:38]} 18. Rg1+ {[%clk 0:38:08]}  Kh8 {[%clk 0:36:05]} 19. Rg4 {[%clk 0:38:15]}  Qxf2 {[%clk 0:35:33]} 20. Qd2 {[%clk 0:38:30]}  Qe3 {[%clk 0:33:33]} 21. Qxe3 {[%clk 0:27:26]}  Rxe3 {[%clk 0:33:54]} 22. Bd3 {[%clk 0:20:09]}  Ne5 {[%clk 0:25:30]} 23. Rf4 {[%clk 0:18:23]}  Nxd3 {[%clk 0:12:58]} 24. cxd3 {[%clk 0:18:34]}  Rxd3 {[%clk 0:12:51]} 25. Rxf6 {[%clk 0:18:08]}  Kg7 {[%clk 0:12:24]} 26. Rf4 {[%clk 0:18:31]}  f5 {[%clk 0:11:48]} 27. Rg1+ {[%clk 0:18:37]}  Kf6 {[%clk 0:12:04]} 28. Rh4 {[%clk 0:18:31]}  Rh8 {[%clk 0:11:12]} 29. f4 {[%clk 0:18:49]}  Rd2 {[%clk 0:10:18]} 30. Rh3 {[%clk 0:16:38]}  Rxa2 {[%clk 0:10:19]} 31. Rhg3 {[%clk 0:16:56]}  Rh7 {[%clk 0:10:40]} 32. Rg8 {[%clk 0:16:34]}  Rb2 {[%clk 0:07:59]} 33. Rf8+ {[%clk 0:16:08]}  Rf7 {[%clk 0:07:55]} 34. Rh8 {[%clk 0:16:08]}  Rxb3 {[%clk 0:08:09]} 35. Rxh6+ {[%clk 0:16:31]}  Ke7 {[%clk 0:08:32]} 36. Re1+ {[%clk 0:16:14]}  Kd7 {[%clk 0:08:55]} 37. h4 {[%clk 0:16:07]}  Rg7 {[%clk 0:07:14]} 38. Kh2 {[%clk 0:15:58]}  a5 {[%clk 0:05:01]} 39. h5 {[%clk 0:16:18]}  Rf3 {[%clk 0:04:09]} 40. Rg6 {[%clk 0:16:30]}  Rh7 {[%clk 0:03:50]} 41. h6 {[%clk 0:16:51]}  Kc6 {[%clk 0:04:12]} 42. c5 {[%clk 0:17:05]}  Rxf4 {[%clk 0:02:26]} 43. cxd6 {[%clk 0:16:14]}  Rh4+ {[%clk 0:02:20]} 44. Kg3 {[%clk 0:16:08]}  Rg4+ {[%clk 0:02:45]} 45. Rxg4 {[%clk 0:16:14]}  fxg4 {[%clk 0:03:14]} 46. Re7 {[%clk 0:16:16]}  Rxh6 {[%clk 0:03:31]} 47. Rxc7+ {[%clk 0:15:42]}  Kxd6 {[%clk 0:02:17]} 48. Rxb7 {[%clk 0:16:01]}  Kc5 {[%clk 0:02:28]} 49. Kxg4 {[%clk 0:15:52]}  Rf6 {[%clk 0:02:03]} 50. Ra7 {[%clk 0:14:47]}  Kb4 {[%clk 0:02:14]} 51. Rb7+ {[%clk 0:15:09]}  Ka3 {[%clk 0:02:28]} 52. Rb5 {[%clk 0:15:20]}  a4 {[%clk 0:02:48]} 53. Rb7 {[%clk 0:14:56]}  Ka2 {[%clk 0:02:57]} 54. Rb4 {[%clk 0:15:19]}  a3 {[%clk 0:03:25]} 55. Rb5 {[%clk 0:15:39]}  Ka1 {[%clk 0:03:32]} 56. Kg3 {[%clk 0:15:52]}  Rc6 {[%clk 0:02:29]} 57. Kf3 {[%clk 0:16:10]}  Rc2 {[%clk 0:02:40]} 58. Ke3 {[%clk 0:16:28]}  Rb2 {[%clk 0:03:06]} 59. Ra5 {[%clk 0:15:21]}  Rb3+ {[%clk 0:03:27]} 60. Kd2 {[%clk 0:15:45]}  Kb2 {[%clk 0:03:52]} 61. Rc5 {[%clk 0:13:52]}  a2 {[%clk 0:04:02]} 62. Rc2+ {[%clk 0:14:13]}  Ka3 {[%clk 0:03:48]} 0-1

[Event "Weekender - Expert"]
[Site "Enniscrone, Sligo, IE"]
[Date "2026.01.31"]
[Round "2"]
[White "Verlekar, Vivaan"]
[Black "Galvin, Sebastian"]
[Result "1-0"]
[Board "14"]
[WhiteFideId "2516942"]
[BlackFideId "2531429"]
[WhiteElo "1828"]
[BlackElo "1775"]
[WhiteTeam "IRL"]
[BlackTeam "IRL"]
[WhiteClock "0:04:15"]
[BlackClock "0:09:44"]
[Variant "Standard"]

1. e4 {[%clk 1:30:57]}  e6 {[%clk 1:30:52]} 2. d4 {[%clk 1:31:11]}  d5 {[%clk 1:31:17]} 3. e5 {[%clk 1:31:18]}  c5 {[%clk 1:31:42]} 4. c3 {[%clk 1:31:41]}  Nc6 {[%clk 1:32:07]} 5. Nf3 {[%clk 1:32:02]}  Qb6 {[%clk 1:32:15]} 6. Be2 {[%clk 1:30:32]}  cxd4 {[%clk 1:32:01]} 7. cxd4 {[%clk 1:30:55]}  Nh6 {[%clk 1:31:18]} 8. Bxh6 {[%clk 1:24:29]}  Qxb2 {[%clk 1:31:42]} 9. Bxg7 {[%clk 1:08:33]}  Bxg7 {[%clk 1:32:01]} 10. Nbd2 {[%clk 1:06:08]}  Qa3 {[%clk 1:28:33]} 11. O-O {[%clk 1:01:40]}  O-O {[%clk 1:26:36]} 12. Nb3 {[%clk 0:54:59]}  b6 {[%clk 1:18:51]} 13. Qd2 {[%clk 0:52:21]}  Qe7 {[%clk 1:11:44]} 14. Rfc1 {[%clk 0:48:08]}  Bd7 {[%clk 1:11:09]} 15. Rc3 {[%clk 0:46:14]}  Rac8 {[%clk 1:07:25]} 16. Rac1 {[%clk 0:41:35]}  Nb8 {[%clk 1:03:51]} 17. Ne1 {[%clk 0:33:09]}  f6 {[%clk 0:52:59]} 18. f4 {[%clk 0:23:24]}  fxe5 {[%clk 0:49:02]} 19. fxe5 {[%clk 0:22:51]}  Rc7 {[%clk 0:42:50]} 20. Rc4 {[%clk 0:22:51]}  Rxc4 {[%clk 0:43:21]} 21. Rc2 {[%clk 0:21:29]}  Rc3 {[%clk 0:43:20]} 22. Rxc3 {[%clk 0:21:59]}  Be8 {[%clk 0:39:12]} 23. Rg3 {[%clk 0:20:05]}  Bg6 {[%clk 0:34:21]} 24. Nd3 {[%clk 0:17:58]}  Nc6 {[%clk 0:27:26]} 25. h3 {[%clk 0:14:24]}  Kh8 {[%clk 0:24:32]} 26. Nf4 {[%clk 0:13:43]}  Be4 {[%clk 0:21:28]} 27. Nh5 {[%clk 0:12:23]}  Rg8 {[%clk 0:20:58]} 28. Bd3 {[%clk 0:09:26]}  Bxd3 {[%clk 0:19:09]} 29. Qxd3 {[%clk 0:09:45]}  Qf7 {[%clk 0:19:19]} 30. Qe2 {[%clk 0:07:17]}  Ne7 {[%clk 0:18:28]} 31. Nxg7 {[%clk 0:06:24]}  Rxg7 {[%clk 0:18:50]} 32. Rxg7 {[%clk 0:06:20]}  Kxg7 {[%clk 0:18:41]} 33. Qf3 {[%clk 0:04:46]}  Qg6 {[%clk 0:16:55]} 34. Kh2 {[%clk 0:04:47]}  Nf5 {[%clk 0:16:46]} 35. Qf4 {[%clk 0:04:52]}  h5 {[%clk 0:15:34]} 36. a3 {[%clk 0:03:36]}  h4 {[%clk 0:12:50]} 37. Qg4 {[%clk 0:03:06]}  Kh6 {[%clk 0:11:57]} 38. Qf3 {[%clk 0:02:24]}  Qg3+ {[%clk 0:10:49]} 39. Kg1 {[%clk 0:01:58]}  Kg5 {[%clk 0:10:54]} 40. Qd1 {[%clk 0:01:32]}  Qe3+ {[%clk 0:07:57]} 41. Kh2 {[%clk 0:01:46]}  Qf4+ {[%clk 0:08:00]} 42. Kg1 {[%clk 0:02:02]}  Ne3 {[%clk 0:08:05]} 43. Qe2 {[%clk 0:01:44]}  Qe4 {[%clk 0:07:04]} 44. Nd2 {[%clk 0:01:39]}  Qf4 {[%clk 0:06:49]} 45. Nf3+ {[%clk 0:02:04]}  Kg6 {[%clk 0:06:44]} 46. Nxh4+ {[%clk 0:01:44]}  Qxh4 {[%clk 0:06:29]} 47. Qxe3 {[%clk 0:02:10]}  Kg7 {[%clk 0:06:42]} 48. Kh2 {[%clk 0:02:12]}  Kf7 {[%clk 0:06:57]} 49. g3 {[%clk 0:02:10]}  Qh7 {[%clk 0:07:18]} 50. Qf4+ {[%clk 0:02:22]}  Ke8 {[%clk 0:07:37]} 51. Qd2 {[%clk 0:02:40]}  Qe4 {[%clk 0:07:54]} 52. h4 {[%clk 0:02:53]}  Qg4 {[%clk 0:07:59]} 53. Qf2 {[%clk 0:02:44]}  b5 {[%clk 0:08:01]} 54. Qb2 {[%clk 0:02:56]}  a6 {[%clk 0:08:19]} 55. Qd2 {[%clk 0:03:09]}  Ke7 {[%clk 0:08:29]} 56. Qf2 {[%clk 0:03:11]}  a5 {[%clk 0:08:36]} 57. Qd2 {[%clk 0:03:13]}  b4 {[%clk 0:08:54]} 58. axb4 {[%clk 0:03:36]}  axb4 {[%clk 0:09:18]} 59. Qxb4+ {[%clk 0:03:58]}  Kf7 {[%clk 0:09:44]} 60. Qd2 {[%clk 0:04:15]} 1-0

[Event "Weekender - Expert"]
[Site "Enniscrone, Sligo, IE"]
[Date "2026.01.31"]
[Round "2"]
[White "Recto, Chiron"]
[Black "Kenny, William"]
[Result "1-0"]
[Board "15"]
[WhiteFideId "2541556"]
[BlackFideId "2509440"]
[WhiteElo "1775"]
[BlackElo "1825"]
[WhiteTeam "IRL"]
[BlackTeam "IRL"]
[WhiteClock "0:29:31"]
[BlackClock "0:04:55"]
[Variant "Standard"]

1. d4 {[%clk 1:30:58]}  d5 {[%clk 1:30:53]} 2. Bf4 {[%clk 1:31:23]}  Nf6 {[%clk 1:31:15]} 3. e3 {[%clk 1:31:41]}  c5 {[%clk 1:31:35]} 4. c3 {[%clk 1:32:04]}  Nc6 {[%clk 1:31:57]} 5. Bd3 {[%clk 1:32:05]}  e6 {[%clk 1:31:56]} 6. Nf3 {[%clk 1:32:28]}  Bd6 {[%clk 1:31:30]} 7. Bg3 {[%clk 1:32:49]}  Qc7 {[%clk 1:28:54]} 8. Nbd2 {[%clk 1:32:33]}  O-O {[%clk 1:28:27]} 9. e4 {[%clk 1:31:04]}  cxd4 {[%clk 1:25:52]} 10. cxd4 {[%clk 1:28:00]}  dxe4 {[%clk 1:20:28]} 11. Nxe4 {[%clk 1:23:41]}  Nxe4 {[%clk 1:16:54]} 12. Bxe4 {[%clk 1:21:35]}  f5 {[%clk 1:05:56]} 13. Bxd6 {[%clk 1:15:41]}  Qxd6 {[%clk 1:06:14]} 14. Bxc6 {[%clk 1:15:46]}  bxc6 {[%clk 0:57:14]} 15. O-O {[%clk 1:09:46]}  c5 {[%clk 0:40:09]} 16. dxc5 {[%clk 0:59:37]}  Qxc5 {[%clk 0:40:28]} 17. Re1 {[%clk 0:57:33]}  Rb8 {[%clk 0:32:24]} 18. b3 {[%clk 0:54:47]}  Qb6 {[%clk 0:27:21]} 19. Rc1 {[%clk 0:49:54]}  Rd8 {[%clk 0:24:27]} 20. Qe2 {[%clk 0:43:28]}  Re8 {[%clk 0:12:41]} 21. Qe5 {[%clk 0:38:00]}  Bb7 {[%clk 0:09:32]} 22. Rc7 {[%clk 0:37:37]}  Qxc7 {[%clk 0:07:42]} 23. Qxc7 {[%clk 0:37:55]}  Rec8 {[%clk 0:08:05]} 24. Qf4 {[%clk 0:37:12]}  Bd5 {[%clk 0:07:33]} 25. Qd2 {[%clk 0:34:52]}  a5 {[%clk 0:05:59]} 26. h3 {[%clk 0:33:30]}  Rb4 {[%clk 0:05:14]} 27. Rc1 {[%clk 0:31:05]}  Rd8 {[%clk 0:05:00]} 28. Ng5 {[%clk 0:30:09]}  Rdb8 {[%clk 0:04:55]} 29. Rc7 {[%clk 0:29:31]} 1-0

[Event "Weekender - Expert"]
[Site "Enniscrone, Sligo, IE"]
[Date "2026.01.31"]
[Round "3"]
[White "Alvarez Jimenez, Alfonso"]
[Black "Heron, Lorcan"]
[Result "1/2-1/2"]
[Board "1"]
[WhiteFideId "2297418"]
[BlackFideId "2529343"]
[WhiteElo "1868"]
[BlackElo "1883"]
[WhiteTeam "ESP"]
[BlackTeam "IRL"]
[WhiteClock "0:37:23"]
[BlackClock "0:43:54"]
[Variant "Standard"]

1. d4 {[%clk 1:26:35]}  e6 {[%clk 1:29:55]} 2. c4 {[%clk 1:26:54]}  d5 {[%clk 1:28:29]} 3. Nc3 {[%clk 1:27:13]}  c5 {[%clk 1:28:57]} 4. Nf3 {[%clk 1:27:15]}  Nf6 {[%clk 1:29:17]} 5. g3 {[%clk 1:26:57]}  cxd4 {[%clk 1:28:06]} 6. Nxd4 {[%clk 1:26:44]}  Nc6 {[%clk 1:27:52]} 7. Nxc6 {[%clk 1:21:45]}  bxc6 {[%clk 1:28:18]} 8. Bg2 {[%clk 1:22:07]}  Bb4 {[%clk 1:23:22]} 9. O-O {[%clk 1:21:03]}  O-O {[%clk 1:18:46]} 10. cxd5 {[%clk 1:15:44]}  cxd5 {[%clk 1:18:56]} 11. Nb5 {[%clk 1:12:17]}  Bd7 {[%clk 1:12:44]} 12. Nd4 {[%clk 1:11:25]}  Rc8 {[%clk 1:09:24]} 13. Nf3 {[%clk 1:08:40]}  Bd6 {[%clk 1:02:17]} 14. Be3 {[%clk 1:00:21]}  a5 {[%clk 0:57:16]} 15. Bd4 {[%clk 0:59:14]}  Re8 {[%clk 0:52:45]} 16. Ne5 {[%clk 0:57:42]}  Bc6 {[%clk 0:49:18]} 17. Nxc6 {[%clk 0:56:35]}  Rxc6 {[%clk 0:49:44]} 18. Bxf6 {[%clk 0:51:49]}  Qxf6 {[%clk 0:50:01]} 19. e4 {[%clk 0:51:31]}  dxe4 {[%clk 0:43:10]} 20. Bxe4 {[%clk 0:50:01]}  Rb6 {[%clk 0:43:29]} 21. Qa4 {[%clk 0:37:23]}  Reb8 {[%clk 0:43:54]} 1/2-1/2

[Event "Weekender - Expert"]
[Site "Enniscrone, Sligo, IE"]
[Date "2026.01.31"]
[Round "3"]
[White "Taaffe, Paul"]
[Black "Menon, Sanjay"]
[Result "1-0"]
[Board "2"]
[WhiteFideId "2503549"]
[BlackFideId "2510804"]
[WhiteElo "1888"]
[BlackElo "1835"]
[WhiteTeam "IRL"]
[BlackTeam "IRL"]
[WhiteClock "0:42:01"]
[BlackClock "1:08:59"]
[Variant "Standard"]

1. e4 {[%clk 1:29:13]}  c5 {[%clk 1:30:53]} 2. Nf3 {[%clk 1:29:04]}  d6 {[%clk 1:31:19]} 3. d4 {[%clk 1:29:26]}  cxd4 {[%clk 1:31:46]} 4. Nxd4 {[%clk 1:29:34]}  Nf6 {[%clk 1:32:13]} 5. Nc3 {[%clk 1:29:56]}  e6 {[%clk 1:32:31]} 6. Be3 {[%clk 1:29:35]}  a6 {[%clk 1:32:34]} 7. a4 {[%clk 1:26:59]}  Nc6 {[%clk 1:31:49]} 8. Nxc6 {[%clk 1:25:10]}  bxc6 {[%clk 1:32:05]} 9. a5 {[%clk 1:24:48]}  c5 {[%clk 1:31:52]} 10. e5 {[%clk 1:18:51]}  dxe5 {[%clk 1:31:45]} 11. Qxd8+ {[%clk 1:18:20]}  Kxd8 {[%clk 1:31:37]} 12. Na4 {[%clk 1:15:57]}  Nd7 {[%clk 1:32:04]} 13. O-O-O {[%clk 1:11:42]}  Ke8 {[%clk 1:29:46]} 14. Bc4 {[%clk 1:08:08]}  Rb8 {[%clk 1:18:59]} 15. Rd2 {[%clk 1:04:34]}  Be7 {[%clk 1:16:21]} 16. Rhd1 {[%clk 1:02:30]}  Rf8 {[%clk 1:15:00]} 17. Bxa6 {[%clk 0:54:11]}  Bxa6 {[%clk 1:15:05]} 18. Rxd7 {[%clk 0:54:20]}  Bb5 {[%clk 1:15:27]} 19. Rxe7+ {[%clk 0:54:29]}  Kxe7 {[%clk 1:15:33]} 20. Bxc5+ {[%clk 0:54:30]}  Kf6 {[%clk 1:15:20]} 21. Bxf8 {[%clk 0:54:15]}  Bxa4 {[%clk 1:15:38]} 22. Bc5 {[%clk 0:51:28]}  Bc6 {[%clk 1:14:17]} 23. g3 {[%clk 0:47:58]}  Bd5 {[%clk 1:13:31]} 24. a6 {[%clk 0:46:37]}  Rc8 {[%clk 1:12:26]} 25. b4 {[%clk 0:46:24]}  Rc6 {[%clk 1:11:38]} 26. Rxd5 {[%clk 0:42:07]}  exd5 {[%clk 1:11:51]} 27. a7 {[%clk 0:42:31]}  Rc8 {[%clk 1:11:34]} 28. b5 {[%clk 0:42:35]}  Ke6 {[%clk 1:08:59]} 29. b6 {[%clk 0:42:01]} 1-0

[Event "Weekender - Expert"]
[Site "Enniscrone, Sligo, IE"]
[Date "2026.01.31"]
[Round "3"]
[White "McGrady, Seth"]
[Black "Nichenametla V, Advaith"]
[Result "0-1"]
[Board "3"]
[WhiteFideId "2532956"]
[BlackFideId "2516896"]
[WhiteElo "1780"]
[BlackElo "1895"]
[WhiteTeam "IRL"]
[BlackTeam "IRL"]
[WhiteClock "0:14:12"]
[BlackClock "0:06:38"]
[Variant "Standard"]

1. e4 {[%clk 1:30:23]}  e6 {[%clk 1:30:55]} 2. Nf3 {[%clk 1:30:02]}  d5 {[%clk 1:31:03]} 3. Nc3 {[%clk 1:31:01]}  Nf6 {[%clk 1:31:14]} 4. e5 {[%clk 1:31:22]}  Nfd7 {[%clk 1:31:40]} 5. d4 {[%clk 1:31:45]}  a6 {[%clk 1:31:47]} 6. Bd3 {[%clk 1:31:23]}  c5 {[%clk 1:32:06]} 7. dxc5 {[%clk 1:30:16]}  Bxc5 {[%clk 1:32:08]} 8. Bf4 {[%clk 1:29:33]}  Qb6 {[%clk 1:28:35]} 9. O-O {[%clk 1:25:09]}  Qxb2 {[%clk 1:27:00]} 10. Na4 {[%clk 1:17:04]}  Qa3 {[%clk 1:27:08]} 11. c3 {[%clk 1:14:40]}  b5 {[%clk 1:27:10]} 12. Nxc5 {[%clk 1:11:21]}  Qxc5 {[%clk 1:26:49]} 13. a4 {[%clk 1:08:04]}  bxa4 {[%clk 1:13:45]} 14. Be3 {[%clk 1:06:26]}  Qc7 {[%clk 1:09:17]} 15. Qxa4 {[%clk 1:05:33]}  Nc6 {[%clk 1:00:39]} 16. Rab1 {[%clk 1:02:23]}  Ncxe5 {[%clk 0:44:46]} 17. Nxe5 {[%clk 1:02:29]}  Qxe5 {[%clk 0:45:08]} 18. Bd4 {[%clk 1:01:56]}  Qc7 {[%clk 0:38:40]} 19. Bxg7 {[%clk 1:00:00]}  Rg8 {[%clk 0:37:51]} 20. Bf6 {[%clk 0:59:08]}  h5 {[%clk 0:32:06]} 21. h3 {[%clk 0:57:36]}  Bb7 {[%clk 0:24:40]} 22. Bh7 {[%clk 0:34:40]}  Bc6 {[%clk 0:24:11]} 23. Qd4 {[%clk 0:31:31]}  Nxf6 {[%clk 0:23:42]} 24. Qxf6 {[%clk 0:31:59]}  Rf8 {[%clk 0:23:59]} 25. Rfe1 {[%clk 0:29:23]}  Qe7 {[%clk 0:19:52]} 26. Qe5 {[%clk 0:28:45]}  Kd7 {[%clk 0:17:07]} 27. Bc2 {[%clk 0:24:40]}  Rg8 {[%clk 0:14:29]} 28. Rb6 {[%clk 0:22:18]}  Qg5 {[%clk 0:13:53]} 29. g3 {[%clk 0:18:11]}  Qxe5 {[%clk 0:12:32]} 30. Rxe5 {[%clk 0:18:39]}  Rh8 {[%clk 0:11:39]} 31. f4 {[%clk 0:18:48]}  a5 {[%clk 0:10:21]} 32. c4 {[%clk 0:18:48]}  Kc7 {[%clk 0:09:08]} 33. Rb1 {[%clk 0:16:18]}  Rab8 {[%clk 0:06:27]} 34. cxd5 {[%clk 0:14:44]}  Rxb1+ {[%clk 0:06:47]} 35. Bxb1 {[%clk 0:15:00]}  Bxd5 {[%clk 0:07:11]} 36. Re3 {[%clk 0:13:37]}  Rb8 {[%clk 0:07:12]} 37. Bh7 {[%clk 0:14:00]}  Rb2 {[%clk 0:07:19]} 38. Ra3 {[%clk 0:13:53]}  Kb6 {[%clk 0:07:40]} 39. Bg8 {[%clk 0:14:12]}  Rb3 {[%clk 0:06:38]} 0-1

[Event "Weekender - Expert"]
[Site "Enniscrone, Sligo, IE"]
[Date "2026.01.31"]
[Round "3"]
[White "Melling, Jonathon"]
[Black "Khanzharov, Edward"]
[Result "1-0"]
[Board "4"]
[WhiteFideId "841790"]
[BlackFideId "2511975"]
[WhiteElo "1871"]
[BlackElo "1817"]
[WhiteTeam "IRL"]
[BlackTeam "IRL"]
[WhiteClock "0:11:52"]
[BlackClock "0:36:29"]
[Variant "Standard"]

1. d4 {[%clk 1:30:00]}  d5 {[%clk 1:30:46]} 2. Nf3 {[%clk 1:30:25]}  Nf6 {[%clk 1:31:09]} 3. Bf4 {[%clk 1:30:48]}  c5 {[%clk 1:31:33]} 4. e3 {[%clk 1:31:13]}  Nc6 {[%clk 1:31:58]} 5. dxc5 {[%clk 1:17:34]}  Qa5+ {[%clk 1:30:47]} 6. c3 {[%clk 1:17:27]}  Qxc5 {[%clk 1:30:19]} 7. Nbd2 {[%clk 1:16:11]}  Bf5 {[%clk 1:27:21]} 8. h3 {[%clk 1:12:06]}  h6 {[%clk 1:26:00]} 9. Nb3 {[%clk 1:10:17]}  Qb6 {[%clk 1:26:03]} 10. Bd3 {[%clk 1:10:30]}  Ne4 {[%clk 1:18:03]} 11. O-O {[%clk 1:07:29]}  e6 {[%clk 1:18:15]} 12. Qe2 {[%clk 1:03:10]}  Be7 {[%clk 1:14:20]} 13. Nbd4 {[%clk 1:00:45]}  Bh7 {[%clk 1:11:39]} 14. Nb5 {[%clk 0:57:35]}  O-O {[%clk 1:11:51]} 15. Bc7 {[%clk 0:54:17]}  Qa6 {[%clk 1:09:02]} 16. Nd6 {[%clk 0:51:26]}  b5 {[%clk 1:09:11]} 17. Bxb5 {[%clk 0:51:19]}  Nxc3 {[%clk 1:07:33]} 18. Bxa6 {[%clk 0:51:39]}  Nxe2+ {[%clk 1:07:49]} 19. Bxe2 {[%clk 0:51:58]}  a5 {[%clk 1:00:28]} 20. Nb5 {[%clk 0:51:37]}  Bf6 {[%clk 0:57:39]} 21. Nc3 {[%clk 0:46:37]}  Rfc8 {[%clk 0:56:23]} 22. Bd6 {[%clk 0:46:13]}  Nb4 {[%clk 0:54:45]} 23. Be5 {[%clk 0:40:52]}  Be7 {[%clk 0:53:35]} 24. a3 {[%clk 0:40:21]}  Nc6 {[%clk 0:50:57]} 25. Bg3 {[%clk 0:34:29]}  Bf6 {[%clk 0:50:34]} 26. Rac1 {[%clk 0:34:44]}  Ne7 {[%clk 0:49:42]} 27. Be5 {[%clk 0:33:26]}  Bxe5 {[%clk 0:49:59]} 28. Nxe5 {[%clk 0:33:52]}  f6 {[%clk 0:50:04]} 29. Nd3 {[%clk 0:29:57]}  Rcb8 {[%clk 0:49:56]} 30. Na4 {[%clk 0:29:31]}  Bg6 {[%clk 0:49:26]} 31. Rc7 {[%clk 0:25:04]}  Nf5 {[%clk 0:49:54]} 32. Rfc1 {[%clk 0:24:48]}  d4 {[%clk 0:49:07]} 33. g4 {[%clk 0:22:24]}  Nd6 {[%clk 0:48:19]} 34. exd4 {[%clk 0:21:44]}  Nb5 {[%clk 0:48:16]} 35. R7c4 {[%clk 0:20:33]}  Rd8 {[%clk 0:48:08]} 36. Nf4 {[%clk 0:14:32]}  Nxd4 {[%clk 0:47:49]} 37. Bd1 {[%clk 0:14:07]}  Be4 {[%clk 0:44:56]} 38. Nxe6 {[%clk 0:12:47]}  Nxe6 {[%clk 0:41:31]} 39. Rxe4 {[%clk 0:13:12]}  Nd4 {[%clk 0:41:18]} 40. Re7 {[%clk 0:12:19]}  Rac8 {[%clk 0:38:31]} 41. Rxc8 {[%clk 0:12:03]}  Rxc8 {[%clk 0:38:56]} 42. Nc3 {[%clk 0:12:23]}  Rb8 {[%clk 0:38:22]} 43. Rd7 {[%clk 0:12:43]}  Nc6 {[%clk 0:38:01]} 44. Rd2 {[%clk 0:13:07]}  Ne5 {[%clk 0:38:15]} 45. Be2 {[%clk 0:12:50]}  Kf7 {[%clk 0:37:46]} 46. Kg2 {[%clk 0:12:18]}  Kg6 {[%clk 0:37:28]} 47. f4 {[%clk 0:12:16]}  Nc6 {[%clk 0:37:27]} 48. Bf3 {[%clk 0:11:28]}  Nd8 {[%clk 0:36:52]} 49. Bd5 {[%clk 0:11:37]}  f5 {[%clk 0:36:00]} 50. Kf3 {[%clk 0:11:43]}  fxg4+ {[%clk 0:36:10]} 51. hxg4 {[%clk 0:12:08]}  h5 {[%clk 0:36:02]} 52. gxh5+ {[%clk 0:12:15]}  Kxh5 {[%clk 0:36:29]} 53. Be4 {[%clk 0:11:52]} 1-0

[Event "Weekender - Expert"]
[Site "Enniscrone, Sligo, IE"]
[Date "2026.01.31"]
[Round "3"]
[White "McIlroy, Ben"]
[Black "Cummins, Sean"]
[Result "1-0"]
[Board "5"]
[WhiteFideId "2525097"]
[BlackFideId "2512084"]
[WhiteElo "1835"]
[BlackElo "1862"]
[WhiteTeam "IRL"]
[BlackTeam "IRL"]
[WhiteClock "0:12:04"]
[BlackClock "0:01:18"]
[Variant "Standard"]

1. d4 {[%clk 1:30:57]}  g6 {[%clk 1:30:21]} 2. c4 {[%clk 1:31:21]}  Bg7 {[%clk 1:30:45]} 3. Nc3 {[%clk 1:31:45]}  c5 {[%clk 1:31:10]} 4. d5 {[%clk 1:31:19]}  Bxc3+ {[%clk 1:31:24]} 5. bxc3 {[%clk 1:31:42]}  f5 {[%clk 1:31:47]} 6. Nh3 {[%clk 1:21:46]}  Qa5 {[%clk 1:30:58]} 7. Qc2 {[%clk 1:21:58]}  Nf6 {[%clk 1:31:07]} 8. f3 {[%clk 1:22:10]}  d6 {[%clk 1:29:44]} 9. Bf4 {[%clk 1:09:57]}  Nbd7 {[%clk 1:26:44]} 10. e3 {[%clk 1:09:34]}  h6 {[%clk 1:21:50]} 11. Be2 {[%clk 1:00:49]}  Nb6 {[%clk 1:18:44]} 12. Nf2 {[%clk 0:51:28]}  Bd7 {[%clk 1:16:54]} 13. g4 {[%clk 0:50:48]}  O-O-O {[%clk 0:56:07]} 14. e4 {[%clk 0:45:49]}  g5 {[%clk 0:49:45]} 15. e5 {[%clk 0:39:07]}  Ne8 {[%clk 0:42:23]} 16. exd6 {[%clk 0:36:32]}  exd6 {[%clk 0:42:17]} 17. Bd2 {[%clk 0:36:05]}  Rf8 {[%clk 0:34:03]} 18. h4 {[%clk 0:31:31]}  fxg4 {[%clk 0:33:26]} 19. fxg4 {[%clk 0:31:34]}  Nf6 {[%clk 0:32:24]} 20. hxg5 {[%clk 0:31:42]}  hxg5 {[%clk 0:32:36]} 21. Bxg5 {[%clk 0:30:47]}  Rde8 {[%clk 0:29:40]} 22. O-O {[%clk 0:30:38]}  Na4 {[%clk 0:23:43]} 23. Bxf6 {[%clk 0:26:31]}  Rxf6 {[%clk 0:23:48]} 24. Ne4 {[%clk 0:26:09]}  Rh6 {[%clk 0:20:01]} 25. g5 {[%clk 0:24:52]}  Rg6 {[%clk 0:19:45]} 26. Rf6 {[%clk 0:24:45]}  Rxe4 {[%clk 0:19:19]} 27. Rxg6 {[%clk 0:23:40]}  Bf5 {[%clk 0:17:41]} 28. Rg8+ {[%clk 0:23:14]}  Kc7 {[%clk 0:17:24]} 29. Rg7+ {[%clk 0:21:27]}  Kb8 {[%clk 0:13:08]} 30. Bd3 {[%clk 0:19:39]}  Rg4+ {[%clk 0:11:55]} 31. Kf2 {[%clk 0:18:55]}  Rh4 {[%clk 0:08:29]} 32. Kg2 {[%clk 0:17:28]}  Rg4+ {[%clk 0:08:22]} 33. Kf3 {[%clk 0:17:24]}  Bc8 {[%clk 0:07:14]} 34. Rb1 {[%clk 0:16:15]}  Rh4 {[%clk 0:06:04]} 35. Bf5 {[%clk 0:14:44]}  Rxc4 {[%clk 0:05:09]} 36. Rb3 {[%clk 0:13:35]}  Qd8 {[%clk 0:03:23]} 37. Bxc8 {[%clk 0:12:25]}  Rxc3+ {[%clk 0:00:50]} 38. Rxc3 {[%clk 0:12:33]}  Qf8+ {[%clk 0:01:12]} 39. Qf5 {[%clk 0:12:28]}  Qxg7 {[%clk 0:01:18]} 40. Re3 {[%clk 0:12:04]} 1-0

[Event "Weekender - Expert"]
[Site "Enniscrone, Sligo, IE"]
[Date "2026.01.31"]
[Round "3"]
[White "Mc Aleenan, Charles"]
[Black "Ward, Paul"]
[Result "0-1"]
[Board "6"]
[WhiteFideId "2461617"]
[BlackFideId "2508257"]
[WhiteElo "1859"]
[BlackElo "1845"]
[WhiteTeam "SCO"]
[BlackTeam "IRL"]
[WhiteClock "0:18:42"]
[BlackClock "0:04:27"]
[Variant "Standard"]

1. f4 {[%clk 1:30:45]}  e6 {[%clk 1:30:30]} 2. Nf3 {[%clk 1:30:11]}  f5 {[%clk 1:30:53]} 3. e3 {[%clk 1:28:02]}  Nf6 {[%clk 1:31:15]} 4. b3 {[%clk 1:27:58]}  b6 {[%clk 1:31:23]} 5. Bb2 {[%clk 1:27:47]}  Bb7 {[%clk 1:31:44]} 6. Be2 {[%clk 1:25:25]}  d6 {[%clk 1:25:01]} 7. O-O {[%clk 1:22:36]}  Nbd7 {[%clk 1:16:09]} 8. a4 {[%clk 1:18:26]}  a5 {[%clk 1:16:01]} 9. Na3 {[%clk 1:14:03]}  g6 {[%clk 0:59:24]} 10. d3 {[%clk 1:04:08]}  Bg7 {[%clk 0:58:21]} 11. e4 {[%clk 0:56:21]}  O-O {[%clk 0:51:57]} 12. exf5 {[%clk 0:51:25]}  exf5 {[%clk 0:51:39]} 13. Ng5 {[%clk 0:48:56]}  Qe7 {[%clk 0:47:26]} 14. Bf3 {[%clk 0:45:55]}  d5 {[%clk 0:29:45]} 15. Re1 {[%clk 0:42:49]}  Qd6 {[%clk 0:26:11]} 16. Nb5 {[%clk 0:39:05]}  Qxf4 {[%clk 0:15:42]} 17. Ne6 {[%clk 0:36:55]}  Qh4 {[%clk 0:15:55]} 18. Nxf8 {[%clk 0:30:43]}  Rxf8 {[%clk 0:16:07]} 19. Ba3 {[%clk 0:29:10]}  c5 {[%clk 0:14:12]} 20. Rb1 {[%clk 0:25:54]}  Ng4 {[%clk 0:13:01]} 21. Bxg4 {[%clk 0:21:05]}  fxg4 {[%clk 0:13:27]} 22. Rf1 {[%clk 0:21:04]}  Re8 {[%clk 0:09:06]} 23. Bc1 {[%clk 0:18:42]}  Be5 {[%clk 0:04:27]} 0-1